Response time and item difficulty in a computer-based high school mathematics course (Record no. 76236)

MARC details
000 -CABECERA
campo de control de longitud fija 00707nam a2200241 a 4500
005 - FECHA Y HORA DE LA ÚLTIMA TRANSACCIÓN
campo de control 20210219153417.0
008 - ELEMENTOS DE LONGITUD FIJA--INFORMACIÓN GENERAL
campo de control de longitud fija 991125n 000 0 u
035 ## - NÚMERO DE CONTROL DEL SISTEMA
Número de control de sistema UPN01000097591
100 ## - ASIENTO PRINCIPAL--NOMBRE PERSONAL
Nombre de persona Mason, Emanuel
222 ## - TÍTULO CLAVE
Título clave FOCUS ON LEARNING PROBLEMS IN MATHEMATICS
245 ## - MENCIÓN DE TÍTULO
Título Response time and item difficulty in a computer-based high school mathematics course
300 ## - DESCRIPCIÓN FÍSICA
Extensión 41-51
362 ## - FECHAS DE PUBLICACIÓN Y/O DESIGNACIÓN SECUENCIAL
Fecha de publicación y/o designación secuencial 14, No. 3, 1992
505 ## - NOTA DE CONTENIDO CON FORMATO PREESTABLECIDO
Nota de contenido con formato Febrero 1993
653 0# - TERMINO DE INDIZACION - NO CONTROLADO
Término no controlado COMPARACION ASISTIDA POR ORDENADOR
653 0# - TERMINO DE INDIZACION - NO CONTROLADO
Término no controlado MEDICION COGNITIVA
653 0# - TERMINO DE INDIZACION - NO CONTROLADO
Término no controlado NIVEL DE DIFICULTAD
653 0# - TERMINO DE INDIZACION - NO CONTROLADO
Término no controlado TEST ITEMS
653 0# - TERMINO DE INDIZACION - NO CONTROLADO
Término no controlado TIEMPO DE REACCION
700 ## - ASIENTO SECUNDARIO--NOMBRE DE PERSONAL
Nombre de persona Zollman, Alan
904 ## - ELEMENTOS DE DATOS D LOCAL, LDD (RLIN)
a AC
b 035402
905 ## - TIPO DE MATERIAL
Tipo de material Articulo

No items available.